| 000 | 00634nam a22002297a 4500 | ||
|---|---|---|---|
| 003 | UA-OsUOA | ||
| 001 | 97956 | ||
| 007 | ta | ||
| 008 | 20130408b un ||||| |||| 00| 0 ukr d | ||
| 100 | _aПастушенко А. | ||
| 090 |
_a821.161.1 _bП19 |
||
| 942 | _cBK | ||
| 040 |
_aUA-OsUOA _bukr _cUA-OsUOA _dUA-OsUOA |
||
| 245 |
_aМатері не вмирають _bновели та повість |
||
| 300 | _a150 с. | ||
| 955 | _a3 | ||
| 041 | _aukr | ||
| 080 | _a821.161.1 | ||
| 260 |
_aЛьвів _bКаменяр _c1964 |
||
| 650 | 7 |
_a82 Література. Літературознавство _2UDC |
|
| 999 |
_c384200 _d384200 |
||